| 000 | 06297nam a22005897a 4500 | ||
|---|---|---|---|
| 005 | 20090616120533.0 | ||
| 008 | 090512t xxu||||| |||| 00| 0 eng d | ||
| 010 | _aENG-94026 | ||
| 020 |
_a9788178299280 _c450.00 |
||
| 035 | _aEN-77559 | ||
| 035 | _aB-361346-371 | ||
| 037 | _bDBAD / PUB | ||
| 037 | _bAakar Books | ||
| 040 |
_adpl _bEnglish |
||
| 082 | _a352.3802854678 | ||
| 100 | _aBhatnagar, Subhash | ||
| 245 |
_aUnlocking e-government potential: _cby Subhash Bhatnagar _bconcepts, cases and practical insights / |
||
| 260 |
_aNew Delhi _bSAGE Publications _c2009 |
||
| 270 |
_aB1/I-1, Mohan Cooperative Industrial Area, Mathura Road, _bNew Delhi _e110044 |
||
| 300 |
_axxii, 351p. _c22cm(pbk) |
||
| 500 | _aIncludes bobliographical references and index | ||
| 650 | _aInternet in public administration. | ||
| 942 |
_2ddc _cEN _mBHA _h352.3802854678 |
||
| 999 |
_c27489 _d27489 |
||